Modern Germanic Languages - Statistics

General Stats
  • This quiz has been taken 333 times
    288 since last reset
  • The average score is 10 of 14
Answer Stats
Native Speakers Language % Correct
92,000,000 German
99%
23,000,000 Dutch
98%
380,000,000 English
98%
9,200,000 Swedish
93%
5,500,000 Danish
92%
5,000,000 Norwegian
92%
330,000 Icelandic
83%
7,200,000 Afrikaans
75%
390,000 Luxemburgish
66%
✸ 480,000 Frisian
64%
✸ 66,000 Faroese
62%
✸ 125,000 Scots
59%
✸ 1,200,000 Yiddish
45%
✸ 130,000 Pennsylvania Dutch
20%
No matching quizzes found
Score Distribution
Percent of People with Each Score
Percentile by Number Answered
Your Score History
You have not taken this quiz since the last reset